000 00610nam a22002297a 4500
003 UA-OsUOA
001 92180
007 ta
008 20121211b un ||||| |||| 00| 0 ukr d
100 _aЦанкар І.
090 _a821.162.4
_bЦ16
942 _cBK
040 _aUA-OsUOA
_bukr
_cUA-OsUOA
_dUA-OsUOA
245 _aНаймитська правда
_bповісті та оповідання
300 _a346 с.
955 _a3
041 _aukr
080 _a821.162.4
260 _aК.
_c1976
650 7 _a82 Література. Літературознавство
_2UDC
999 _c378428
_d378428